000 01407cam a2200133 4500500
005 20251214002752.0
041 _afre
042 _adc
100 1 0 _aBardyn, Christophe
_eauthor
245 0 0 _aDescartes, l'ombre d'un doute : Portrait du philosophe en malin génie
260 _bArmand Colin,
_c2021.
520 _aLa subjectivité moderne commence avec Descartes. La modernité n’est pourtant pas restée fidèle à la lettre de l’idéalisme cartésien. Chacun en hérite pour le modifier (Malebranche, Spinoza, etc.) ou le critiquer (Locke, Kant, etc.). C’est qu’en effet quelque chose ne fonctionne pas dans les Méditations de Descartes. Ce n’est pas le cogito. Le cogito est vrai, on n’avait d’ailleurs pas attendu Descartes pour s’en rendre compte : saint Augustin et Avicenne l’avaient vu avant lui. Ce qui ne fonctionne pas, c’est le doute hyperbolique. Cet essai montre que tous les lecteurs attentifs de Descartes, depuis le XVIIe siècle jusqu’à nos jours, ont vu le défaut du doute. Le problème, c’est qu’ils ont, à peu près tous, fait comme si cela n’avait pas d’importance. Compte tenu des conséquences du doute pour la constitution de l’idéalisme subjectif moderne, ce défaut de la méthode devait être mis en évidence.
856 4 1 _uhttps://shs.cairn.info/descartes-l-ombre-d-un-doute--9782200631253?lang=fr&redirect-ssocas=7080
999 _c1567394
_d1567394